000 nam a22 7a 4500
999 _c9549
_d9549
008 180205b ||||| |||| 00| 0 eng d
100 _aSrivastav, R K
_95710
245 _aTogether with our Activity Book - 3
260 _aNew Delhi
_bRachna Sagar Publication
_c2008